LEADER 01057nas a2200265 i 4500 001 000000236505 003 CaOOAMICUS 005 20190128125317.0 008 141203b2005 it uu u0 0ita r 013 $a215409 040 $aSeMil$bita 245 10$a[2005 : Luglio-Dicembre]. 260 $aRoma :$bFACI,$c2005. 300 $a23 cm. 500 $aMancano i fasc. 7,8,11. 773 0 $tAmico del Clero.$dRoma : [s.n.] $w()1801 774 0 $tDiritto ; Principi Costituzionali.$w()283031 774 0 $tCompendio del Catechismo della Chiesa Cattolica ; Rendiconto 2004 sull'Otto per mille. - Titolo dalla copertina.$w()283032 774 0 $tAuguri a tutti! Tanti, sinceri e cordiali! ; I rapporti con la SIAE. - Titolo dalla copertina.$w()283033 850 $aSeMil 852 $aSeMil$W1$xVenegono$y1$m247 2 34$j186851$B186851$CSeMilBibl$Z2$F197580 $85 961 $aAbbonamento: FACI 996 $6245$a[2005 : Luglio-Dicembre]$9(OLS)http://semarc/title/206455 996 $6260$aRoma :$bFACI$9(OLS)http://semarc/publisher/45616 LEADER 01718nam a2200337 i 4500 001 000000121391 003 CaOOAMICUS 005 20100826000000.0 008 100826s1995 it u000 u mul u 013 $a94086 020 $a88-18-70094-4 040 $aSeMil$bita 100 1 $aKant, Immanuel,$d<1724-1804>.$0(OLS)http://semarc/name/2543 240 10$aProlegomena zu einer jeden künftigen Metaphysik, die als Wissenschaft wird auftreten können.$0(OLS)http://semarc/title/109898 245 10$aProlegomeni ad ogni metafisica futura che si presenterà come scienza /$cImmanuel Kant ; introduzione, traduzione, note e allegati di Piero Martinetti ; postfazione e apparati di Massimo Roncoroni. 260 $aMilano :$bRusconi Libri,$c1995. 300 $a470 p. ;$c21 cm. 490 0 $aTesti a fronte ;$v14 500 $aContiene : Bibliografia. - Testo tedesco a fronte. - Fondo Card. C.M. Martini. 650 4$aKant, Immanuel <1724-1804> - Metafisica.$0(OLS)http://semarc/subject/8776 650 4$aConoscenza - Filosofia.$0(OLS)http://semarc/subject/1877 700 1 $aRoncoroni, Massimo.$0(OLS)http://semarc/name/45677 700 1 $aMartinetti, Piero,$d<1871-1943>.$0(OLS)http://semarc/name/4975 830 0$aTesti a fronte ;$v14.$0(OLS)http://semarc/title/593 850 $aSeMil 852 $aSeMil$W1$xVenegono$y1$m2P I 44$j76473$B76473$CSeMilBibl$Z2$F77886 $81 941 1 $a4 961 $aOmaggio: Martini Card. Carlo Maria 996 $6020$a88-18-70094-4$9(OLS)http://semarc/number/106802 996 $6245$aProlegomeni ad ogni metafisica futura che si presenterà come scienza$9(OLS)http://semarc/title/178696 996 $6260$aMilano :$bRusconi Libri$9(OLS)http://semarc/publisher/29846